[Event "Challenge"]
[Site "http://www.queenalice.com/game.php?id=420918"]
[Date "2008.6.21"]
[Round "-"]
[White "AuntieRenie"]
[Black "Shallow_Blue"]
[Result "0-1"]
[WhiteElo "1610"]
[BlackElo "1611"]

1. c4 e5 2. Nc3 Bc5 3. Nf3 Qf6 4. e3 h5 5. Nd5 Qd6 6. Ng5 c6 7. Ne4 Qg6 8. Nc7+
Kd8 9. Nxa8 Qxe4 10. d3 Qg6 11. Bd2 b6 12. Bc3 d6 13. d4 Bb7 14. dxc5 Bxa8 15.
cxd6 f6 16. b4 Nh6 17. c5 bxc5 18. bxc5 Nd7 19. Bb4 Qe4 20. Qb3 Re8 21. f3 Qh4+
22. g3 Qg5 23. Ba6 Nf5 24. Ba5+ Nb6 25. Rd1 Nxe3 26. Bxb6+ axb6 27. Qxb6+ Kd7
28. Rb1 Nc2+ 29. Kf2 Qe3+ 30. Kg2 e4 31. Qc7+ Ke6 32. Bc4+ Kf5 33. d7 Qd2+ 34.
Kh3 Rg8 35. Rhd1 Qg5 36. d8=Q Rxd8 37. Qxd8 exf3 38. Qxa8 Ne3 39. Qc8+ Kg6 40.
Qe8+ Kh6 41. Qh8+ Kg6 42. Bd3+ f5 43. Qe8+ Kh7 44. Re1 Qg4# 0-1

[Event "Challenge"]
[Site "http://www.queenalice.com/game.php?id=422484"]
[Date "2008.6.24"]
[Round "-"]
[White "brianrintoul"]
[Black "Shallow_Blue"]
[Result "0-1"]
[WhiteElo "1264"]
[BlackElo "1609"]

1. c4 a5 2. d4 Nf6 3. d5 e6 4. Nc3 d6 5. e4 c5 6. f3 exd5 7. cxd5 Qb6 8. Bb5+
Bd7 9. Bc4 h5 10. h4 Bb5 11. Bxb5+ Kd8 12. Nh3 c4 13. Bg5 Be7 14. Rf1 a4 15. a3
Ra5 16. Qe2 Rxb5 17. Qxc4 Rxb2 18. Rf2 Rb3 19. Qxa4 Rxc3 20. Kd2 Qe3+ 21. Kd1
Qd3+ 22. Ke1 Nfd7 23. Re2 Ne5 24. Rd1 Rxa3 25. Qb4 Rb3 26. Qa5+ b6 27. Qa8 Qc3+
28. Kf2 Qc7 29. Ra2 f6 30. Ra7 fxg5 31. Rxc7 Kxc7 32. Qa7+ Kc8 33. Rc1+ Nbc6 34.
Qa8+ Kd7 35. Ra1 Rxa8 36. Rxa8 Nd4 37. hxg5 b5 38. Nf4 Bxg5 39. Ne6 h4 40. Ra7+
Ke8 41. Nxd4 Be3+ 42. Ke2 Bxd4 43. Rc7 Rb2+ 44. Kd1 Rxg2 45. f4 Nd3 46. e5 dxe5
47. f5 h3 48. d6 h2 49. Rc2 h1=Q# 0-1

[Event "Challenge"]
[Site "http://www.queenalice.com/game.php?id=437487"]
[Date "2008.7.23"]
[Round "-"]
[White "RicardoFialho"]
[Black "Shallow_Blue"]
[Result "1-0"]
[WhiteElo "1859"]
[BlackElo "1627"]

1. e4 e5 2. Nf3 a5 3. Nxe5 f6 4. Nf3 c6 5. d4 h5 6. a3 d5 7. exd5 cxd5 8. Bb5+
Bd7 9. Bxd7+ Qxd7 10. O-O Rh6 11. Bxh6 gxh6 12. Re1+ Kd8 13. Nc3 f5 14. Ne5 Qg7
15. Nxd5 Ra6 16. Qxh5 Nc6 17. Nxc6+ bxc6 18. Qe8# 1-0

[Event "Challenge"]
[Site "http://www.queenalice.com/game.php?id=438816"]
[Date "2008.7.25"]
[Round "-"]
[White "Shallow_Blue"]
[Black "RicardoFialho"]
[Result "0-1"]
[WhiteElo "1620"]
[BlackElo "1880"]

1. e4 e5 2. Bc4 Nf6 3. f3 Nc6 4. a4 a6 5. c3 Bc5 6. Nh3 h6 7. f4 exf4 8. Nxf4
Nxe4 9. Qh5 O-O 10. Rf1 Qe8 11. Ne2 Nf6 12. d4 Nxh5 13. dxc5 Na5 14. Ba2 Nf6 15.
b4 Nc6 16. Bc4 Qe7 17. Rf3 Re8 18. Re3 Qf8 19. Ra2 Rxe3 20. Bxe3 d5 21. Bd3 Be6
22. b5 d4 23. cxd4 Bxa2 24. Nbc3 Be6 25. bxc6 bxc6 26. Bf4 Ra7 27. h3 Qc8 28. g4
Nd5 29. Bd2 Nxc3 30. Bxc3 Bd5 31. Kd2 Qe8 32. Nf4 Be4 33. Nh5 Bxd3 34. Kxd3 Qe7
35. d5 cxd5 36. Bxg7 Qe4+ 37. Kc3 Qe3+ 38. Kb4 a5+ 39. Kb5 Qd3+ 40. Kc6 Qa6+ 41.
Kxd5 Qd3+ 42. Ke5 Qe3+ 43. Kd5 c6+ 44. Kxc6 Qe6+ 45. Kb5 Qa6# 0-1

[Event "Challenge"]
[Site "http://www.queenalice.com/game.php?id=440091"]
[Date "2008.7.28"]
[Round "-"]
[White "RicardoFialho"]
[Black "Shallow_Blue"]
[Result "1-0"]
[WhiteElo "1899"]
[BlackElo "1599"]

1. e4 e5 2. Nf3 Nc6 3. Nc3 h5 4. a3 h4 5. Bc4 d6 6. h3 g5 7. d3 g4 8. hxg4 Bxg4
9. Be3 Na5 10. Ba2 c6 11. Qd2 Rh5 12. O-O-O Qf6 13. Rde1 h3 14. Qe2 hxg2 15.
Rxh5 Bxh5 16. Bg5 Qg6 17. Rg1 f6 18. Bh4 Be7 19. Bg3 d5 20. exd5 Qf5 21. Nh4
Qg5+ 22. Qd2 Qg4 23. dxc6 bxc6 24. Rxg2 f5 25. f3 Qd4 26. Be6 f4 27. Bf2 Qd6 28.
Rxg8+ Bf8 29. Ba2 Qf6 30. Rg1 O-O-O 31. Ne4 Nc4 32. Bxc4 Qe7 33. Bxa7 Qxa7 34.
Qc3 Qxg1+ 35. Kd2 Qh2+ 36. Kd1 Qxh4 37. Be6+ Kb7 38. Qb3+ Ka7 39. Qa4+ Kb6 40.
Qb3+ Kc7 41. Qa4 Qh1+ 42. Kd2 Rd4 43. Qa5+ Kb8 44. Qb6+ Ka8 45. Qxc6+ Ka7 46.
Qc7+ Ka6 47. Bc8+ Kb5 48. Nc3# 1-0

[Event "Challenge"]
[Site "http://www.queenalice.com/game.php?id=443609"]
[Date "2008.8.4"]
[Round "-"]
[White "Shallow_Blue"]
[Black "Tlaloc2k"]
[Result "0-1"]
[WhiteElo "1614"]
[BlackElo "1647"]

1. e4 e5 2. Nc3 c6 3. Qh5 Qf6 4. Na4 b5 5. Nc3 Bc5 6. Nh3 d5 7. exd5 Bxh3 8. Ne4
Qh6 9. Qf3 Bf5 10. Qxf5 Ne7 11. Qxe5 O-O 12. c3 cxd5 13. Nxc5 Nbc6 14. Qg3 Rae8
15. Bxb5 Nf5+ 16. Be2 Nxg3 17. hxg3 Qxh1# 0-1

[Event "Challenge"]
[Site "http://www.queenalice.com/game.php?id=448366"]
[Date "2008.8.14"]
[Round "-"]
[White "Grant_Lee_Buffalo"]
[Black "Shallow_Blue"]
[Result "1-0"]
[WhiteElo "1806"]
[BlackElo "1585"]

1. e4 e5 2. Nf3 d6 3. h3 f5 4. d3 f4 5. Nc3 c6 6. a3 g5 7. g4 h5 8. Rg1 hxg4 9.
hxg4 Qb6 10. Nxg5 Nf6 11. Be2 Rg8 12. Nh3 d5 13. Bf3 dxe4 14. Nxe4 c5 15. Neg5
Rg7 16. Rb1 Qd8 17. Bd2 a5 18. Bc3 Nc6 19. Qe2 Rg8 20. Bxe5 Qe7 21. Bxf4 Nd4 22.
Qxe7+ Bxe7 23. Bd1 Ra6 24. Be5 Rc6 25. c4 b5 26. Bxd4 cxd4 27. f3 bxc4 28. Ba4
Bd7 29. Bxc6 Bxc6 30. Rc1 c3 31. bxc3 Bxa3 32. Rb1 Bc5 33. cxd4 Bxd4 34. Rf1 Rg7
35. Ne4 Nd7 36. Rh1 Rg6 37. Nhg5 Ba4 38. f4 Bc6 39. Rh2 a4 40. Nf3 Bc3+ 41. Nxc3
Bxf3 42. Nxa4 Rxg4 43. Rb4 Bc6 44. Rf2 Nf6 45. Nb6 Nh5 46. Re2+ Kd8 47. Rd4+ Kc7
48. Nd5+ Kb7 49. Rb4+ Bb5 50. Rxb5+ Kc6 51. Reb2 Rg1+ 52. Kf2 Rg3 53. R2b3 Rg6
54. Ne7+ 1-0

[Event "Challenge"]
[Site "http://www.queenalice.com/game.php?id=448380"]
[Date "2008.8.14"]
[Round "-"]
[White "Shallow_Blue"]
[Black "Grant_Lee_Buffalo"]
[Result "0-1"]
[WhiteElo "1595"]
[BlackElo "1748"]

1. e4 e5 2. c4 Nf6 3. d3 h6 4. f4 d6 5. fxe5 dxe5 6. Nf3 Nc6 7. Qa4 Bd7 8. Qb5
Qc8 9. Rg1 Nd4 10. Qxe5+ Ne6 11. Bd2 Bd6 12. Qf5 Nd4 13. Qa5 Nc2+ 14. Kf2 Nxa1
15. Qc3 Bc5+ 16. d4 Be7 17. c5 Nxe4+ 18. Ke3 Nxc3 19. Bxc3 Nc2+ 20. Kd3 Bf5+ 21.
Kd2 O-O 22. Bd3 Bxd3 23. Kxd3 Qf5+ 24. Kd2 Nxd4 25. Bxd4 Bg5+ 26. Kc3 Bf6 27.
Rd1 Bxd4+ 28. Nxd4 Qxc5+ 29. Kd3 Rad8 30. Ke4 Rfe8+ 31. Kf3 Rxd4 32. Nc3 Rxd1
33. Nxd1 Qd5+ 0-1

[Event "Challenge"]
[Site "http://www.queenalice.com/game.php?id=458072"]
[Date "2008.9.4"]
[Round "-"]
[White "Glasgow_Rangers"]
[Black "Shallow_Blue"]
[Result "1-0"]
[WhiteElo "1736"]
[BlackElo "1578"]

1. e4 e5 2. Nf3 Nc6 3. Nc3 d6 4. h3 f5 5. d3 f4 6. Bd2 g5 7. a3 a5 8. Qe2 a4 9.
g4 Rb8 10. Nxa4 Bd7 11. Nc3 Nf6 12. O-O-O Na5 13. Na2 b6 14. Bc3 c5 15. Qd2 c4
16. Re1 Bb5 17. d4 exd4 18. Nxd4 Qe7 19. Nxb5 Rd8 20. f3 d5 21. e5 Nd7 22. Nc7+
Kf7 23. e6+ Kg8 24. exd7 Qxd7 25. Bxh8 Kxh8 26. Ne6 Re8 27. Nxf8 Rxf8 28. Qd4+
Kg8 29. Qxb6 Nc6 30. Nb4 Na7 31. Qe6+ Rf7 32. Qxd7 Rxd7 33. Re5 d4 34. Rxg5+ Kf7
35. Bxc4+ Ke7 36. Rg7+ Kd8 37. Rxd7+ Kxd7 38. Rd1 Kd6 39. Rxd4+ Kc5 40. Rxf4 Nc8
41. Bg8 h6 42. Rf5+ Kd4 43. c3+ Ke3 44. Bd5 Ne7 45. Re5+ Kf4 46. Rxe7 Kg3 47. a4
Kxh3 48. a5 1-0

[Event "Challenge"]
[Site "http://www.queenalice.com/game.php?id=458073"]
[Date "2008.9.4"]
[Round "-"]
[White "Shallow_Blue"]
[Black "Glasgow_Rangers"]
[Result "0-1"]
[WhiteElo "1578"]
[BlackElo "1717"]

1. e4 e5 2. Qf3 Nf6 3. g4 h6 4. h4 d6 5. Bh3 g5 6. hxg5 hxg5 7. d3 Nh7 8. Ne2
Nf6 9. d4 Bxg4 10. Bxg4 Rxh1+ 11. Qxh1 Nxg4 12. Qh5 Nf6 13. Qxg5 Nxe4 14. Qf5
Nf6 15. dxe5 dxe5 16. Bg5 Nbd7 17. Nbc3 Be7 18. Nb5 a6 19. Nec3 axb5 20. Nxb5
Ra6 21. a3 c6 22. Nc3 Nd5 23. Ne4 N7f6 24. Bh4 Nxe4 25. Qxe4 Bxh4 26. Qxe5+ Qe7
27. Qe2 Qxe2+ 28. Kxe2 Bf6 29. c3 b5 30. Rh1 Nxc3+ 31. Kd2 Ne4+ 32. Ke2 Bxb2 33.
Ke3 Nc5 34. f4 Rxa3+ 35. Kf2 Nd3+ 36. Kg2 Nxf4+ 37. Kf2 Nd3+ 38. Kf3 c5 39. Rh5
Be5 40. Ke4 c4 41. Kd5 c3 42. Kc6 b4 43. Kb5 c2 44. Kc4 c1=Q+ 0-1

[Event "Challenge"]
[Site "http://www.queenalice.com/game.php?id=467670"]
[Date "2008.9.24"]
[Round "-"]
[White "Megakhuimyak"]
[Black "Shallow_Blue"]
[Result "1-0"]
[WhiteElo "1673"]
[BlackElo "1567"]

1. e4 e6 2. d4 Na6 3. a3 c5 4. c3 d5 5. exd5 exd5 6. Be2 cxd4 7. cxd4 Qb6 8. Nf3
f6 9. O-O h5 10. Re1 Nh6 11. Bxa6+ Kf7 12. Be2 Bd6 13. Nc3 Bd7 14. Nxd5 Qc6 15.
Nc3 Nf5 16. Nb5 a6 17. Nxd6+ Qxd6 18. Qb3+ Kg6 19. Bd3 Bb5 20. Nh4+ Kh7 21. Nxf5
Qd7 22. Ne7+ g6 23. Bxg6+ Kg7 24. Qf7# 1-0

[Event "Challenge"]
[Site "http://www.queenalice.com/game.php?id=467671"]
[Date "2008.9.24"]
[Round "-"]
[White "Shallow_Blue"]
[Black "Megakhuimyak"]
[Result "0-1"]
[WhiteElo "1567"]
[BlackElo "1689"]

1. e4 e5 2. b4 Bxb4 3. c3 Be7 4. Nf3 d6 5. d4 Nd7 6. Qa4 Nf6 7. Bd3 O-O 8. Qd1
h6 9. dxe5 Nxe5 10. Nh4 Nxe4 11. Bxe4 Bxh4 12. g3 Bf6 13. a4 Re8 14. O-O Nc6 15.
f3 Nb4 16. cxb4 Bxa1 17. Qc2 Bf6 18. g4 d5 19. Rd1 c6 20. Bd3 a6 21. Qc5 Be5 22.
f4 Bc7 23. Rd2 Bb6 24. Bb2 Bxc5+ 25. bxc5 Re1+ 26. Kg2 Bxg4 27. Rf2 Qh4 28. Rf1
Qh3+ 29. Kf2 Qh4+ 30. Kg2 Bh3+ 31. Kg1 Bxf1 32. Bxf1 Rxb1 33. Bd4 Qe1 34. Bf2
Qxf1# 0-1

[Event "Challenge"]
[Site "http://www.queenalice.com/game.php?id=470912"]
[Date "2008.10.1"]
[Round "-"]
[White "Al_Bundy"]
[Black "Shallow_Blue"]
[Result "1-0"]
[WhiteElo "1719"]
[BlackElo "1567"]

1. e4 e5 2. Nf3 d6 3. Nc3 c5 4. Bb5+ Ke7 5. d3 a6 6. Ba4 Be6 7. Ng5 f6 8. O-O
fxg5 9. Bxg5+ Nf6 10. Re1 h6 11. Bd2 Qb6 12. Qc1 c4 13. Ne2 Ng4 14. Rf1 Nd7 15.
h3 Ngf6 16. b3 cxd3 17. cxd3 Nc5 18. Qc2 h5 19. Be3 Rc8 20. Qd2 g6 21. h4 d5 22.
exd5 Bxd5 23. Nc3 Bh6 24. Bxh6 Rcg8 25. Bg5 Qe6 26. Rfe1 Qg4 27. Nxd5+ Ke6 28.
Nxf6 Rf8 29. Nxg4 hxg4 30. d4 Rd8 31. Rxe5+ Kd6 32. Bxd8 Rxd8 33. dxc5+ Kxe5 34.
Qxd8 b5 35. Re1+ Kf5 36. Qd5+ Kf6 37. Re6+ Kg7 38. Qd7+ Kh6 39. Qd8 bxa4 40.
Qh8# 1-0

[Event "Challenge"]
[Site "http://www.queenalice.com/game.php?id=470939"]
[Date "2008.10.1"]
[Round "-"]
[White "Shallow_Blue"]
[Black "Al_Bundy"]
[Result "0-1"]
[WhiteElo "1567"]
[BlackElo "1729"]

1. e4 e5 2. Nc3 Nc6 3. d3 h6 4. Nf3 d6 5. Nd5 Nge7 6. h3 Be6 7. Nc3 d5 8. exd5
Nxd5 9. Qe2 Nxc3 10. bxc3 Bd6 11. g4 Qf6 12. g5 Qe7 13. gxh6 gxh6 14. Rg1 Qf6
15. d4 exd4 16. c4 d3 17. Qxd3 Qxa1 18. Kd1 Rd8 19. Qb3 Bh2+ 20. Ke2 Bxg1 21.
Nxg1 Qxc1 22. Qxb7 Qd2+ 23. Kf3 Nd4+ 24. Ke4 Bf5+ 25. Ke5 f6+ 26. Kxf6 Rf8+ 27.
Ke5 Qa5+ 28. Kf4 Bc8+ 29. Ke4 Bxb7+ 30. Ke3 Nxc2+ 31. Ke2 Qe5# 0-1

[Event "90 days"]
[Site "http://www.queenalice.com/game.php?id=477351"]
[Date "2008.10.15"]
[Round "-"]
[White "Shallow_Blue"]
[Black "vortex"]
[Result "1-0"]
[WhiteElo "1573"]
[BlackElo "1661"]

1. e4 Nf6 2. e5 Nd5 3. Nh3 d6 4. exd6 Bxh3 5. gxh3 exd6 6. Bc4 Qe7+ 7. Kf1 Nf4
8. d4 Nxh3 9. Qg4 Qd7 10. Qf3 Nc6 11. Bd3 Nxd4 12. Qxb7 Qc8 13. Qe4+ Ne6 14. Nc3
Ng5 15. Bxg5 g6 16. Bb5+ 1-0

[Event "Challenge"]
[Site "http://www.queenalice.com/game.php?id=480989"]
[Date "2008.10.22"]
[Round "-"]
[White "thekiller"]
[Black "Shallow_Blue"]
[Result "1-0"]
[WhiteElo "1575"]
[BlackElo "1565"]

1. e4 e5 2. Bc4 Nf6 3. d3 c6 4. Bg5 b5 5. Bb3 Be7 6. Bxf6 gxf6 7. Qh5 Rf8 8.
Qxh7 Bb4+ 9. c3 Bc5 10. Nf3 d6 11. O-O a6 12. Nh4 Ra7 13. Nf5 d5 14. Ng7+ Ke7
15. exd5 cxd5 16. Nd2 a5 17. a3 a4 18. Ba2 Bb7 19. Rad1 Rg8 20. Nf5+ Ke6 21. Nh4
Qf8 22. Qf5+ Ke7 23. c4 Qh6 24. cxd5 Qxh4 25. Ne4 Nd7 26. Rc1 Bxd5 27. Bxd5 Rc7
28. Nxc5 Rg5 29. Qe4 Qg4 30. h3 Qf5 31. Nxd7 Qxd7 32. f4 Rh5 33. Bc6 Qd6 34.
Bxb5 Rc5 35. Qb7+ Kf8 36. Bc4 Rh7 37. Qa8+ Kg7 38. Rf2 exf4 39. Rcf1 Qd4 40. Qb7
Kg6 41. Kh2 Rg5 42. Qe4+ Qxe4 43. dxe4 Rg7 44. Rxf4 Kh6 45. Rxf6+ Kh7 46. g4
R5g6 47. Rxf7 Rc6 48. Rxg7+ Kh6 49. Rff7 Rxc4 50. g5+ Kh5 51. Rf6 Kh4 52. Rh6#
1-0

[Event "Challenge"]
[Site "http://www.queenalice.com/game.php?id=493157"]
[Date "2008.11.14"]
[Round "-"]
[White "Erlend_Oye"]
[Black "Shallow_Blue"]
[Result "1-0"]
[WhiteElo "1872"]
[BlackElo "1565"]

1. e4 Nf6 2. Nc3 e5 3. Nf3 Nc6 4. a3 a6 5. Bc4 h6 6. d3 Bc5 7. h3 g5 8. g4 O-O
9. Bd2 b5 10. Ba2 Rb8 11. b4 Bd6 12. Be3 a5 13. bxa5 Nxa5 14. Bd5 c6 15. Ba2 b4
16. axb4 Bxb4 17. Bd2 Bc5 18. Qc1 Nh7 19. Be3 Bd6 20. h4 Qf6 21. Qd1 Bb4 22. Bd2
d6 23. hxg5 hxg5 24. Rg1 Re8 25. Nh2 Bc5 26. Qe2 Rb2 27. Bb3 Rxb3 28. cxb3 Nxb3
29. Rb1 Nd4 30. Qd1 Ba6 31. Be3 Ne6 32. Bxc5 Nxc5 33. Rg3 Qf4 34. Qd2 Qf6 35.
Rf3 Qh6 36. Nf1 Nf6 37. Rg3 d5 38. exd5 cxd5 39. Rb6 Re6 40. Rxe6 fxe6 41. d4
Ncd7 42. dxe5 Nxe5 43. Qd4 Qh1 44. Qxe5 Qxf1+ 45. Kd2 Qxf2+ 46. Kc1 Ne4 47. Nxe4
dxe4 48. Qxe6+ Kg7 49. Qe7+ Kg8 50. Qxg5+ Kf7 51. Qd5+ Ke7 52. Qxe4+ Kd8 53.
Qa8+ Kd7 54. Qd5+ Ke7 55. Qe4+ Kd8 56. Qd5+ Ke7 57. Qe5+ Kd7 58. Qd5+ Ke7 59.
Rc3 Qe1+ 60. Kb2 Qe2+ 61. Ka3 Qxg4 62. Re3+ Kf8 63. Qd6+ Kg7 64. Re7+ Kh8 65.
Qh6+ Kg8 66. Qh7+ Kf8 67. Qf7# 1-0

[Event "Challenge"]
[Site "http://www.queenalice.com/game.php?id=493158"]
[Date "2008.11.14"]
[Round "-"]
[White "Shallow_Blue"]
[Black "Erlend_Oye"]
[Result "0-1"]
[WhiteElo "1565"]
[BlackElo "1824"]

1. e4 e5 2. Nh3 Nf6 3. Qf3 Nc6 4. Bc4 h6 5. g4 Nd4 6. Qe3 Nxc2+ 7. Kd1 Nxe3+ 8.
dxe3 Nxe4 9. Rf1 d6 10. f3 Ng5 11. Ng1 Be6 12. Bd3 a6 13. Nd2 Be7 14. Be4 Nxe4
15. fxe4 Bxg4+ 16. Kc2 Qd7 17. a4 d5 18. h3 Qc6+ 19. Kb1 Be6 20. Ngf3 Bf6 21.
Ra3 Bxh3 22. Rg1 dxe4 23. Ne1 b5 24. axb5 axb5 25. Rc3 Qb6 26. Nxe4 Bf5 27. b4
Bxe4+ 28. Nc2 Qa6 29. Ra3 Bxc2+ 30. Kxc2 Qc6+ 31. Rc3 Qe4+ 32. Kd2 Ra2+ 33. Kd1
Qf3+ 34. Ke1 Qe2# 0-1

[Event "Challenge"]
[Site "http://www.queenalice.com/game.php?id=1605185"]
[Date "2020.3.31"]
[Round "-"]
[White "Shallow_Blue"]
[Black "Tassiac"]
[Result "0-1"]
[WhiteElo "1574"]
[BlackElo "1634"]

1. e3 e5 2. Nc3 Nf6 3. g4 h6 4. b3 d6 5. h3 Nc6 6. Bg2 Bd7 7. a4 Be7 8. a5 a6 9.
Ne4 O-O 10. Ba3 Nxe4 11. Bxe4 f5 12. gxf5 Bxf5 13. Bd5+ Kh8 14. h4 Bxh4 15. Nf3
Be7 16. Rh5 Bg4 17. Rh2 Bf6 18. c3 Qe7 19. Qc2 Nd8 20. Ke2 c6 21. Bc4 e4 22. Kf1
Bxf3 23. d3 Qe5 24. Rh3 Qxc3 25. Qxc3 Bxc3 0-1